| 000 | 01145cam a22003737a 4500 | ||
|---|---|---|---|
| 003 | CHAP | ||
| 005 | 20220817042544.0 | ||
| 008 | 971013s1986 r 00010 d | ||
| 010 | _a48011 | ||
| 011 | _a48983 | ||
| 035 | _a53131 | ||
| 040 | _cCHAP | ||
| 082 |
_a638.12 _bF3 |
||
| 110 | 2 | _aFAO | |
| 245 | 0 | _aTropical and sub-tropical apiculture | |
| 260 |
_aRome : _bFAO, _c1986 |
||
| 300 |
_a283 p. _b: ilus. |
||
| 410 | _aFAO | ||
| 490 | 0 |
_aFAO. Servicios agrÃcolas _v; 68 |
|
| 590 |
_aBATCH-UPD _b10 _c20130109 _lUCH01 _h2322 |
||
| 590 |
_aBATCH-UPD _b10 _c20130110 _lUCH01 _h1627 |
||
| 590 |
_aBATCH-UPD _b10 _c20130409 _lUCH01 _h1845 |
||
| 590 |
_aBATCH-UPD _b10 _c20130410 _lUCH01 _h1020 |
||
| 590 |
_aBATCH-UPD _b10 _c20130914 _lUCH01 _h1343 |
||
| 590 |
_aCONVERSION _b10 _c20130109 _lUCH01 _h1326 |
||
| 650 | 1 | 4 |
_aApicultura. _96241 |
| 650 | 1 | 4 |
_aApicultura _xTropicos. _96281 |
| 810 | 0 | _aFAO | |
| 830 | 0 | 0 |
_aFAO. Servicios agrÃcolas _v; 68 _939697 |
| 901 | _aBK | ||
| 942 | _cLIBRO | ||
| 949 |
_a638.12 F3 _bBC _cFAO _d-117990 _eFAO1 _h70512 _i53131 _si |
||
| 949 |
_a638.12 F3 _bBC _cFAO _d-117992 _eFAO2 _fc.2 _gI.138594 _h72154 _i53131 _si _t26.69 |
||
| 999 |
_c48011 _d48011 |
||